Particulas Elementales del Modelo Estándar - Version en Español - Estadísticas

Estadísticas generales
  • Esta prueba ha sido intentada 14 veces
  • La puntuación promedio es 8 de 17
Estadísticas de respuestas
Hint Respuesta % Correcto
bosón Higgs
82%
leptón electrón
73%
bosón gluón
64%
quark abajo
55%
quark arriba
55%
leptón muón
55%
quark encanto
45%
bosón fotón
45%
bosón W
45%
bosón Z
45%
quark cima
36%
quark fondo
36%
leptón neutrino electrónico
36%
leptón neutrino muónico
36%
quark extraño
27%
leptón neutrino tauónico
27%
leptón tauón
27%
No se encontraron pruebas coincidentes
Distribución de puntuación
Porcentaje de gente con cada puntuación
Porcentaje por número respondido
Historial de tus puntuaciones
No has intentado esta prueba.